000 00382nam a2200145Ia 4500
008 230718s9999 xx 000 0 und d
041 _aEng.
082 _a89/43
_bالر-غ
100 _aالرحمن ڈائری معین
245 0 _aغالب کا علمی سرمایہ
260 _aPakistan
_bخزینہ علم وادب
_c2008
300 _a253
650 _aLaw
999 _c28864
_d28864